| 000 | 00527nam a2200181Ia 4500 | ||
|---|---|---|---|
| 003 | GCL | ||
| 008 | 140319s9999 xx 000 0 ara d | ||
| 040 |
_aGCL / _cGCL |
||
| 082 | 0 | 4 |
_a813.01 _bر ا |
| 100 | 1 | _aرجب البنا | |
| 245 | 1 | 0 |
_aابتسامة صغيرة / _cرجب البنا |
| 300 | _a189 ص | ||
| 490 |
_aمكتبة الاسرة _v0 |
||
| 650 | 0 | 4 | _aالقصص القصيرة |
| 650 | 0 | 4 | _aالقصص العربية القصيرة - مصر |
| 650 | 0 | 4 | _aالادب العربى - مصر |
| 942 |
_2ddc _cBK |
||
| 999 |
_c50806 _d50806 |
||